00490nam a2200193 a 4500001001300000003000900013005001700022008004100039020002200080082001300102100002000115245003500135260003200170300000900202500003500211505001000246650002000256700002000276nice12345678IN_TiNIC20260116013321.0050524s1993 dela grp 000 0 eng  a8185107 c8000a823bCHU aChughtai, Ismat aHeart Breaks Free the Wild One aDelhibKali for Womenc1993 a153p aincludes index and biblioraphy2 aIndex aEnglish-Fiction1 aChughtai, Ismat